Repairing historic brickwork (Record no. 72193)

MARC details
000 -LEADER
fixed length control field 01129cam a2200241 4500
001 - CONTROL NUMBER
control field ABS66410
008 - FIXED-LENGTH DATA ELEMENTS--GENERAL INFORMATION
fixed length control field 030303n2003 000 0 eng u
035 ## - SYSTEM CONTROL NUMBER
System control number (Sirsi) u121480
100 ## - MAIN ENTRY--PERSONAL NAME
Personal name Hartley, P.
245 ## - TITLE STATEMENT
Title Repairing historic brickwork
260 ## - PUBLICATION, DISTRIBUTION, ETC.
Date of publication, distribution, etc. 2003
490 ## - SERIES STATEMENT
Series statement RICS Building Conservation Journal
Volume/sequential designation (32) Winter 2002/03, 7-11(5)
520 ## - SUMMARY, ETC.
Summary, etc. Covers the materials and techniques used for repairing historic brickwork. Highlights the processes used in manufacturing bricks and the specification of repair materials, whether new or reclaimed bricks. Looks at the specification of repair techniques such as the use of replacement bricks, cutting out, the insertion of replacement bricks, reversing bricks, using brick slips, mortar repair techniques, grouting, cleaning, repointing, rebuilding and rubbing bricks. Diagrams.
590 ## - LOCAL NOTE (RLIN)
Local note ABS
650 ## - SUBJECT ADDED ENTRY--TOPICAL TERM
Topical term or geographic name entry element GROUTING
650 ## - SUBJECT ADDED ENTRY--TOPICAL TERM
Topical term or geographic name entry element REPOINTING
650 ## - SUBJECT ADDED ENTRY--TOPICAL TERM
Topical term or geographic name entry element MORTARS
650 ## - SUBJECT ADDED ENTRY--TOPICAL TERM
Topical term or geographic name entry element BRICKWORK
650 ## - SUBJECT ADDED ENTRY--TOPICAL TERM
Topical term or geographic name entry element BRICK SLIPS
650 ## - SUBJECT ADDED ENTRY--TOPICAL TERM
Topical term or geographic name entry element HISTORIC BUILDINGS
690 ## - LOCAL SUBJECT ADDED ENTRY--TOPICAL TERM (OCLC, RLIN)
Topical term or geographic name as entry element BUILT ENVIRONMENT-BUILDING MAINTENANCE AND REFURBISHMENT-BUILDING CONSERVATION
942 ## - ADDED ENTRY ELEMENTS (KOHA)
Suppress in OPAC 0
Holdings
Withdrawn status Lost status Source of classification or shelving scheme Damaged status Not for loan Home library Current library Shelving location Date acquired Total Checkouts Full call number Barcode Date last seen Copy number Price effective from Koha item type
    Dewey Decimal Classification     London London Journal article 03/03/2003   ABS66410 121480-1001 06/08/2019 1 06/08/2019 Journal article